<?xml version="1.0" encoding="UTF-8"?>
<record
    xmlns:xsi="http://www.w3.org/2001/XMLSchema-instance"
    xsi:schemaLocation="http://www.loc.gov/MARC21/slim http://www.loc.gov/standards/marcxml/schema/MARC21slim.xsd"
    xmlns="http://www.loc.gov/MARC21/slim">

  <leader>01211nac a2200337 a 4500</leader>
  <controlfield tag="003">CO-PeBPM</controlfield>
  <controlfield tag="005">20260315181938.0</controlfield>
  <controlfield tag="007">ta</controlfield>
  <controlfield tag="008">251105s2014||||ck  ||||||||||||||||spa||</controlfield>
  <datafield tag="020" ind1=" " ind2=" ">
    <subfield code="a">9788467033625</subfield>
  </datafield>
  <datafield tag="040" ind1=" " ind2=" ">
    <subfield code="a">CO-PeBPM</subfield>
    <subfield code="b">spa</subfield>
    <subfield code="c">CO-PeBPM</subfield>
    <subfield code="e">rda</subfield>
  </datafield>
  <datafield tag="041" ind1=" " ind2=" ">
    <subfield code="a">spa</subfield>
  </datafield>
  <datafield tag="082" ind1="0" ind2="4">
    <subfield code="a">863 C419n</subfield>
    <subfield code="2">22</subfield>
  </datafield>
  <datafield tag="100" ind1="1" ind2=" ">
    <subfield code="a">Cervantes Saavedra, Miguel de</subfield>
    <subfield code="e">autor</subfield>
  </datafield>
  <datafield tag="245" ind1=" " ind2="0">
    <subfield code="a">Novelas Ejemplares (I)</subfield>
    <subfield code="c">/ Miguel de Cervantes; edici&#xF3;n de Florencio Sevilla Arroyo y Antonio Rey Hazas</subfield>
  </datafield>
  <datafield tag="250" ind1=" " ind2=" ">
    <subfield code="a">Segunda impresi&#xF3;n</subfield>
  </datafield>
  <datafield tag="264" ind1=" " ind2=" ">
    <subfield code="a">[Madrid, Espa&#xF1;a] :</subfield>
    <subfield code="b">: Espasa Libros</subfield>
    <subfield code="c">, 2014</subfield>
  </datafield>
  <datafield tag="300" ind1=" " ind2=" ">
    <subfield code="a">360 p&#xE1;ginas</subfield>
    <subfield code="c">19 centimetros</subfield>
  </datafield>
  <datafield tag="336" ind1=" " ind2=" ">
    <subfield code="2">rdacontent</subfield>
    <subfield code="a">texto</subfield>
    <subfield code="b">txt</subfield>
  </datafield>
  <datafield tag="337" ind1=" " ind2=" ">
    <subfield code="2">rdamedia</subfield>
    <subfield code="a">sin mediaci&#xF3;n</subfield>
    <subfield code="b">n</subfield>
  </datafield>
  <datafield tag="338" ind1=" " ind2=" ">
    <subfield code="2">rdacarrier</subfield>
    <subfield code="a">volumen</subfield>
    <subfield code="b">nc</subfield>
  </datafield>
  <datafield tag="490" ind1=" " ind2=" ">
    <subfield code="a">Austral. Cl&#xE1;sica Narrativa</subfield>
  </datafield>
  <datafield tag="500" ind1=" " ind2=" ">
    <subfield code="a">Incluye &#xED;ndice</subfield>
  </datafield>
  <datafield tag="505" ind1=" " ind2=" ">
    <subfield code="a">La Gitanilla -- El Amante Liberal -- Rinconete y Cortadillo -- La espa&#xF1;ola inglesa -- El Licenciado Vidriera</subfield>
  </datafield>
  <datafield tag="650" ind1="1" ind2="7">
    <subfield code="a">Literatura espa&#xF1;ola</subfield>
    <subfield code="2">LEMB</subfield>
  </datafield>
  <datafield tag="650" ind1="1" ind2="7">
    <subfield code="a">Novelas espa&#xF1;olas</subfield>
    <subfield code="2">LEMB</subfield>
  </datafield>
  <datafield tag="700" ind1="1" ind2=" ">
    <subfield code="a">Sevilla Arroyo, Florencio</subfield>
    <subfield code="e">Edici&#xF3;n</subfield>
  </datafield>
  <datafield tag="700" ind1="1" ind2=" ">
    <subfield code="a">Rey Hazas, Antonio</subfield>
    <subfield code="e">Edici&#xF3;n</subfield>
  </datafield>
  <datafield tag="856" ind1=" " ind2=" ">
    <subfield code="u">https://public.digitaliapublishing.com/a/31073</subfield>
  </datafield>
  <datafield tag="942" ind1=" " ind2=" ">
    <subfield code="2">ddc</subfield>
    <subfield code="c">LIT</subfield>
    <subfield code="n">0</subfield>
  </datafield>
  <datafield tag="952" ind1=" " ind2=" ">
    <subfield code="0">0</subfield>
    <subfield code="1">0</subfield>
    <subfield code="2">ddc</subfield>
    <subfield code="4">0</subfield>
    <subfield code="7">0</subfield>
    <subfield code="8">GEN</subfield>
    <subfield code="a">BSJ</subfield>
    <subfield code="b">BSJ</subfield>
    <subfield code="c">GEN</subfield>
    <subfield code="d">2019-03-15</subfield>
    <subfield code="e">Donaci&#xF3;n Biblioteca Nacional</subfield>
    <subfield code="l">0</subfield>
    <subfield code="o">863 C419n</subfield>
    <subfield code="p">63409</subfield>
    <subfield code="r">2026-03-15 18:20:36</subfield>
    <subfield code="t">Ej. 1</subfield>
    <subfield code="w">2026-03-15</subfield>
    <subfield code="y">LIT</subfield>
  </datafield>
  <datafield tag="999" ind1=" " ind2=" ">
    <subfield code="c">107218</subfield>
    <subfield code="d">107218</subfield>
  </datafield>
</record>
